000 00795nam a2200229Ia 4500
008 130821s1979 ck a gr spa
020 _a8482703072
040 _aCo-BoUCM
_bspa
041 0 0 _aspa
092 _aFMR 0113
110 1 _aDick, Walter
_9166147
245 1 0 _aDiseño sistemático de la introducción
_cWalter Dick y Lou Carey
260 _aBogotá (Colombia)
_bVoluntad
_c1979
300 _a300 páginas
_bcuadros
500 _aLibro disponible en 48 horas a partir de la solicitud.
504 _aIncluye bibliografía e índice general.
650 0 4 _aMétodos de enseñanza
_919449
650 0 4 _aPedagogía
_921215
650 0 4 _aTeoría de la educación
_925273
765 _aThe systematic design of instruction
942 _cLIBRO
_a1
_e1
_n0
_2DEWEY
_h371.394
999 _c64681
_d64681